| 000 | 01617nkc a2200277za 4500 | ||
|---|---|---|---|
| 001 | 84588 | ||
| 003 | OSt | ||
| 005 | 20260423154306.0 | ||
| 007 | kh boc | ||
| 008 | 250410s1909 sp ||||| ||||||0| i|spa d | ||
| 040 |
_cM-RABA _aM-RABA _bspa |
||
| 245 | 0 | 0 |
_aEsaú y Jacob _h[Material gráfico] _c/ Julián de San Martín |
| 260 | _c[ca. 1909] | ||
| 300 |
_a1 fotografía _b: gelatina de plata _c; imagen 19 x 11 cm _c; soporte secundario 30 x 24 cm |
||
| 500 | _aFotografía del relieve "Esaú y Jacob" de Julián San Martín, obteniendo el primer premio de la Academia en Escultura, de segunda clase en el año 1781. Se conserva en el Museo de la Real Academia de Bellas Artes de San Fernando con nº de inventario E-137. | ||
| 500 | _aMontada sobre un soporte secundario de cartón, con texto manuscrito a lápiz en la parte inferior al recto: "Esaú y Jacob. 1781-2ª clase. 1º Premio Julián San Martín y Monasterio". Al verso a lápiz rojo: "1781-2ª clase / Julio San Martín" | ||
| 501 | _aFecha probable de la realización de la fotografía realizada por Hauser y Menet. | ||
| 544 | _aArchivo de la Real Academia de Bellas Artes de San Fernando (Le-4-29-1) | ||
| 610 | 2 | 4 |
_aReal Academia de Bellas Artes de San Fernando. _975832 |
| 651 | 7 |
_aMadrid _2embne _975182 |
|
| 655 | 7 |
_aFotografías de obras de arte _975675 |
|
| 710 | 2 |
_aReal Academia de Bellas Artes de San Fernando. _975832 |
|
| 852 | _jFot-612 | ||
| 856 |
_3Fot-612 _uhttps://archivoybiblioteca.realacademiabellasartessanfernando.com/cgi-bin/koha/opac-retrieve-file.pl?id=7e50f780e87a62dbcd39686720678056 |
||
| 942 |
_2ddc _cFOTOGRAFÍA _n0 |
||
| 999 |
_c84588 _d84588 |
||